Statystyki dla 15 krajów o największej liczbie zgonów Covid19 - 11 lipca

Kliknij tutaj aby rozwiązać quiz!

Ogólne statystyki

  • Ten quiz został rozwiązany 45 razy
  • Średni wynik to 11 z 19

Statystyki odpowiedzi

kraj% Poprawnych
Stany Zjednoczone
100%
Hiszpania
91%
Rosja
91%
Włochy
91%
Francja
84%
Niemcy
84%
Kanada
77%
Brazylia
74%
Meksyk
65%
Wielka Brytania
65%
Indie
60%
Szwecja
53%
Belgia
44%
Holandia
37%
Iran
33%
Chile
28%
Peru
28%
Irlandia
23%
Ekwador
12%

Rozkład punktacji

Percentyl według liczby udzielonych odpowiedzi

Procent ludzi z każdym wynikiem

Twoja historia wyników

Nie rozwiązałeś tego quizu